LEADER 00963nlm0 22003131i 450 001 990009743330403321 010 $a9788815309839 035 $a000974333 035 $aFED01000974333 035 $a(Aleph)000974333FED01 035 $a000974333 100 $a20130524d2012----km-y0itay50------ba 101 0 $aita 135 $adrnn-008mamaa 200 1 $aBarattieri$eIl gioco d'azzardo fra economia ed etica. Secoli XIII-XV$bRisorsa elettronica 210 $aBologna$cSocietā editrice il Mulino, Spa$d2012 215 $a272 p. 230 $aDocumento elettronico 336 $aTesto 337 $aFormato html, pdf 606 1 $aStoria 606 2 $aStoria moderna 700 1$aOrtalli,$bGherardo$0143476 801 3$aIT$bUNINA$gREICAT$2UNIMARC 856 4 $uhttp://www.darwinbooks.it/doi/10.978.8815/309839$qtext/html$zFull text per gli utenti Federico II 901 $aEB 912 $a990009743330403321 996 $aBarattieri$9833492 997 $aUNINA